INDIAN TRUST ACT,1882 (2 OF 1882) (Record no. 11663)

MARC details
000 -LEADER
fixed length control field 00221nam a22000977a 4500
003 - CONTROL NUMBER IDENTIFIER
control field SGT
082 ## - DEWEY DECIMAL CLASSIFICATION NUMBER
Classification number 346.095 4,BAR
245 ## - TITLE STATEMENT
Title INDIAN TRUST ACT,1882 (2 OF 1882)
260 ## - PUBLICATION, DISTRIBUTION, ETC. (IMPRINT)
Place of publication, distribution, etc NEW DELHI
Name of publisher, distributor, etc EASTERN BOOK
Year of Publication 2015
942 ## - ADDED ENTRY ELEMENTS (KOHA)
Source of classification or shelving scheme Dewey Decimal Classification
Koha item type Books
Holdings
Withdrawn status Lost status Source of classification or shelving scheme Damaged status Not for loan Collection code Home library Current library Shelving location Date acquired Vendor Name Cost, normal purchase price SGTU Total Checkouts Full call number Accession No. (Barcode) Date last seen Date last borrowed Bill Date Koha item type
    Dewey Decimal Classification     LAW SGT Science & Social Sciences Library SGT Science & Social Sciences Library Text Book 03/06/2017 DONATED ACT 45.00 SGTU 1 346.095 4,BAR FLBA84 01/12/2025 21/10/2025 03/06/2017 Books